01062cam a22002771i 4500001001300000003000400013005001700017008004100034010001700075035001900092040002600111042001200137050002200149082000800171100003700179245009900216260004900315300005500364410005700419500013300476500002600609650003900635650004000674700005300714999001700767gs 44000034 DLC20260227111349.0780309s1944 dcuabf f000 0 eng  ags 44000034  a(OCoLC)3700461 aDLCcOClUdOCoLCdDLC apremarc00aQE75b.P9 no. 204 a5571 aStose, Anna Isabel Jonas,d1881-00aGeology of the Hanover-York district, Pennsylvania /cby Anna Jonas Stose and George W. Stose. aWashington :bU.S. Govt. Print. Off.,c1944. a34 p. :bill., plates, maps (part fold.) ;c29 cm.20aGeological Survey (U.S.).tProfessional paper ;v204 aAt head of title : United States Dept. of the Interior, Harold L. Ickes, secretary. Geological Survey, W. E. Wrather, director. aFolded map in pocket. 0aGeologyzPennsylvaniazYork County 0aGeologyzPennsylvaniazAdams County1 aStose, George Willis,d1869-1960,ejoint author. c27950d27950